Solving the Routing Problems with Time Windows

Matematické modely vybraných problémov smerovania trás v logistike. Aplikácia SOMA samoorganizačného migračného algoritmu. Problém cestujúceho predajcu - travelling salesman problem.

Salvato in:
Dettagli Bibliografici
Autore principale: Čičková, Zuzana, 1978-
Altri autori: Brezina, Ivan, 1963-, Pekár, Juraj, 1972-
Natura: Capitolo di libro
Lingua:inglese
Soggetti:
Tags: Aggiungi Tag
Nessun Tag, puoi essere il primo ad aggiungerne!!

MARC

LEADER 00000naa$a2200000$$$4500
001 0215884
005 20240502083541.8
041 0 |a eng 
044 |a CH 
245 1 0 |a Solving the Routing Problems with Time Windows  |c Zuzana Čičková, Ivan Brezina, Juraj Pekár 
520 |a Matematické modely vybraných problémov smerovania trás v logistike. Aplikácia SOMA samoorganizačného migračného algoritmu. Problém cestujúceho predajcu - travelling salesman problem. 
610 2 0 |a algoritmy 
610 2 0 |a logistika 
100 1 |a Čičková, Zuzana, 1978- 
700 1 |a Brezina, Ivan, 1963- 
700 1 |a Pekár, Juraj, 1972-